The Christian interpretation of sex. (Record no. 1874)

MARC details
000 -LEADER
fixed length control field 00783cam a22002771 4500
001 - CONTROL NUMBER
control field 6445569
003 - CONTROL NUMBER IDENTIFIER
control field GBCCL
005 - DATE AND TIME OF LATEST TRANSACTION
control field 20241126110411.0
008 - FIXED-LENGTH DATA ELEMENTS--GENERAL INFORMATION
fixed length control field 720626s1941 nyu b 000 0 eng
010 ## -
-- 41014065
035 ## - SYSTEM CONTROL NUMBER
System control number (OCoLC)341827
040 ## - CATALOGING SOURCE
Original cataloging agency DLC
Transcribing agency OKentU
Modifying agency PPLT
-- DLC
042 ## -
-- premarc
050 00 -
-- BT708
-- .P5
082 ## - DEWEY DECIMAL CLASSIFICATION NUMBER
Classification number 261.8357
Item number PIP
100 1# - MAIN ENTRY--PERSONAL NAME
Personal name Piper, Otto A.,
Dates associated with a name 1891-
9 (RLIN) 3909
245 14 - TITLE STATEMENT
Title The Christian interpretation of sex.
260 ## - PUBLICATION, DISTRIBUTION, ETC.
Place of publication, distribution, etc. New York,
Name of publisher, distributor, etc. Scribner,
Date of publication, distribution, etc. 1941.
300 ## - PHYSICAL DESCRIPTION
Extent xv, 234 p.
Dimensions 21 cm.
504 ## - BIBLIOGRAPHY, ETC. NOTE
Bibliography, etc. note "A bibliographical guide to further study": p. [213]-219.
650 #0 - SUBJECT ADDED ENTRY--TOPICAL TERM
Topical term or geographic name entry element Sex.
9 (RLIN) 3896
650 #0 - SUBJECT ADDED ENTRY--TOPICAL TERM
Topical term or geographic name entry element Sexual ethics.
9 (RLIN) 3910
650 #0 - SUBJECT ADDED ENTRY--TOPICAL TERM
Topical term or geographic name entry element Marriage.
9 (RLIN) 2123
906 ## - LOCAL DATA ELEMENT F, LDF (RLIN)
a 7
b cbc
c oclcrpl
d u
e ncip
f 19
g y-gencatlg
942 ## - ADDED ENTRY ELEMENTS (KOHA)
Source of classification or shelving scheme Dewey Decimal Classification
Koha item type Books
Koha issues (borrowed), all copies 3
Holdings
Withdrawn status Lost status Source of classification or shelving scheme Damaged status Not for loan Home library Current Library Shelving location Date acquired Total checkouts Full call number Barcode Date last seen Date last checked out Copy number Price effective from Koha item type
    Dewey Decimal Classification     GRACE BIBLE COLLEGE GRACE BIBLE COLLEGE Ministry & Mission 2017-05-30 3 261.8357 PIP 002281 2025-05-01 2023-10-13 c.1 2017-05-30 Books
© Grace Bible College Library 2025